000
00284nam a22001337a 4500
008
170908b xxu||||| |||| 00| 0 eng d
020
_a
9780415015677
041
_a
eng
080
_a
91
100
_a
42
101
_a
GJEO
245
_a
ice age earth
_c
dawson, a.g
942
_2
udc
_c
BK
999
_c
26752
_d
26752